| 000 | 01161cam a22003134a 4500 | ||
|---|---|---|---|
| 999 |
_c10527 _d10527 |
||
| 001 | 12362996 | ||
| 003 | OSt | ||
| 005 | 20191224104339.0 | ||
| 008 | 010329s2002 maua b 001 0 eng | ||
| 010 | _a 2001030895 | ||
| 020 | _a978007112131 | ||
| 040 |
_aDLC _cDLC _dDLC |
||
| 042 | _apcc | ||
| 043 | _an-us--- | ||
| 050 | 0 | 0 |
_aHJ257.2 _b.R67 2002 |
| 082 | 0 | 0 |
_a336.73 _221 _bROS/P |
| 100 |
_aRosen, Harvey S _9691 |
||
| 245 | 1 | 0 |
_aPublic finance / _cHarvey S. Rosen. |
| 250 | _a6th ed. | ||
| 260 |
_aBoston : _bMcGraw-Hill : _bIrwin, _cc2002. |
||
| 300 |
_axxxii, 570 p. : _bill. ; _c24 cm. |
||
| 504 | _aIncludes bibliographical references and index. | ||
| 650 | 0 |
_aFinance, Public _zUnited States. |
|
| 856 | 4 | 2 |
_3Publisher description _uhttp://www.loc.gov/catdir/description/mh021/2001030895.html |
| 856 | 4 | 1 |
_3Table of contents _uhttp://www.loc.gov/catdir/toc/mh021/2001030895.html |
| 906 |
_a7 _bcbc _corignew _d1 _eocip _f20 _gy-gencatlg |
||
| 942 |
_2ddc _cBK _h336.73 _iROS/P _k336.73 _mROS/P |
||